| 000 | 02226cad a22002895a 4500 | ||
|---|---|---|---|
| 001 | L159510 | ||
| 008 | 170727s2017 xxk f 000 0 eng d | ||
| 020 | _a9781783211845 | ||
| 035 | _a(Sirsi) u159510 | ||
| 041 | _aeng | ||
| 050 | _a711.14 | ||
| 110 |
_aRoyal Institution of Chartered Surveyors _94900 |
||
| 245 |
_aSurveyors advising in respect of compulsory purchase and statutory compensation _h[electronic resource] |
||
| 250 | _a1st | ||
| 260 |
_aLondon, _bRICS, _cApril 2017 |
||
| 490 | _aRICS Professional Statement | ||
| 490 | _aRICS Professional Standard | ||
| 520 | _aApplies when you provide advice regarding property interests in the UK that relates to the seeking or use of compulsory purchase or other statutory powers by or against your client, or where the seeking or use of such powers is contemplated. It also applies when you are advising a body that is relying on or seeking to rely on another body to seek or use compulsory purchase or other statutory powers to assist with a project. Effective from April 2017. | ||
| 520 | _aSurveyors advising in respect of compulsory purchase and statutory compensation, UK, 1st edition, derives from the 2012 guidance note 'The calculation of surveyors' fees relating to the exercise of statutory powers in connection with land and property, 1st edition, for Scotland'. Both this professional statement and the Appendix supersede the 2014 guidance note 'The calculation of surveyors' fees relating to the exercise of statutory powers in connection with land and property, 1st edition, for Scotland'. | ||
| 520 | _aThis document was originally published in April 2017 as an RICS professional statement and was reissued in April 2024 as an RICS professional standard. | ||
| 520 | _aSee 2nd edition ISBN 9781783215355 published 23 September 2024, effective 23 December 2024 | ||
| 650 | _aSTATUTORY COMPENSATION | ||
| 651 | 4 | _aUnited Kingdom | |
| 690 |
_aCompulsory purchase _96228 |
||
| 856 | 4 | 0 |
_uhttps://www.rics.org/content/dam/ricsglobal/documents/standards/April_2017_surveyors_advising_in_respect_of_compulsory_purchase_and_statutory_compensation_1st_edition_rics.pdf _zAvailable on RICS.org until 2nd edition comes into force |
| 942 |
_n0 _2ddc |
||
| 999 |
_c115968 _d115968 |
||